00486nam a2200157 450000500170000002000210001704000340003808200150007210000200008724500830010726000550019030000310024554600090027665000260028570000170031120251001114356.0 aNAcTZS 15,000/= aMCCLbeng.eAACR 2nd rev. ed. a657.95 MUG aMugittu, B. N. aGovernment accounting and financial procedures :ba study guidec/ B.N Mugittu aDar es salaam:bUniversity of Dar es salaamcc1997 avi,210 p. :c21 cm.bIll.; aeng. agovernment accounting aMugittu B. N